000 00567nam a22002057a 4500
003 OSt
005 20140310181936.0
008 130724t xxu||||| |||| 00| 0 eng d
020 _a0723544875
050 _aPR 3403
_b.D314 1990
082 _aCLA
_bD36l 1990
100 _aDefoe, Daniel
_93423
245 _aLife and adventures of Robinson Crusoe /
_cDaniel Defor.
260 _aManchester :
_bWorld International Publishing,
_cc1990.
300 _a285 p. ;
_c19 cm.
541 _j1
562 _e1
700 _aDefoe, Daniel
_93424
942 _2lcc
_cBBK
_mCLA
999 _c7550
_d7550